00332nam a2200133Ia 4500003000400000008004100004020002700045040000800072100001800080245004500098260003500143300000800178365001200186LDD181029s9999 xx 000 0 und d a9789380252162c5000.00 cLDD aTalawar, M.S. 0aHandbook of UGC curriculumcM.S. Talawar aNew DelhibCentrum Pressc2010 a2v. b5000.00